000 00774cam a22002532 4500
001 20268
003 BD-RjUL
005 20211209000537.0
008 140627s1961 enk 000 1 eng
035 _aOCLC ocm06225280 from D960830M
_a(BD-RjUL)20330
040 _aDLC
_cDLC
_dEQO
_dBD-RjUL
_beng
041 1 _aengfre
082 0 0 _a842.4
_bRAP 1961
100 1 _aRacine, Jean,
_d1639-1699.
_962469
245 1 0 _aPhaedra :
_b[a verse translation of] Racine's Phèdre /
_cRobert Lowell.
260 _aLondon :
_bFaber and Faber,
_c c1961.
300 _a90 p. ;
_c23 cm.
650 0 _aPhaedra (Greek mythology)
_xDrama.
_962470
700 1 _aLowell, Robert,
_d1917-1977.
_962471
942 _2ddc
_cBK
999 _c20268
_d20268